000 00322nam a22001337a 4500
008 170526b xxu||||| |||| 00| 0 eng d
020 _a9780321197702
041 _aeng
080 _23RD
_a621.3
100 _a25
101 _aIM
245 _aTHE RATIONAL UNIFIED PROCESS AND INTRODUCTION
_cKRUCHTEN,PH
942 _2udc
_cBK
999 _c14355
_d14355